Work in america

Uloženo v:
Podrobná bibliografie
Hlavní autor: Richardson, Elliot L.
Médium: Kniha
Jazyk:Undetermined
Vydáno: London Cambridge 1973
Témata:
Tagy: Přidat tag
Žádné tagy, Buďte první, kdo otaguje tento záznam!
Thư viện lưu trữ: Trung tâm Học liệu Trường Đại học Cần Thơ
LEADER 00465nam a2200181Ia 4500
001 CTU_78846
008 210402s9999 xx 000 0 und d
082 |a 331 
082 |b R523 
100 |a Richardson, Elliot L. 
245 0 |a Work in america 
245 0 |c Elliot L. Richardson 
260 |a London 
260 |b Cambridge 
260 |c 1973 
650 |a Job satisfaction 
650 |z United States 
980 |a Trung tâm Học liệu Trường Đại học Cần Thơ